[Event "Copa Itau Mercosul"]
[Site "Sao Paulo"]
[Date "1997.10.25"]
[Round "7"]
[White "Giardelli, Sergio C"]
[Black "De Souza, Mauro"]
[Result "1-0"]
[WhiteElo "2430"]
[BlackElo "2405"]

1.c4 e6 2.Nf3 d5 3.g3 Nf6 4.Bg2 dxc4 5.Qa4+ Nbd7 6.O-O a6 7.Qxc4 c5 8.b3 b5
9.Qc2 Bb7 10.Bb2 Qb6 11.d3 Be7 12.Nbd2 O-O 13.Rac1 Rac8 14.Qb1 Rfd8 15.Qa1 Bf8
16.Rc2 Nd5 17.a3 f6 18.Rfc1 e5 19.Bh3 Ne7 20.Nh4 Nc6 21.b4 cxb4 22.Qa2+ Kh8
23.Qf7 bxa3 24.Ba1 Ne7 25.Rxc8 Bxc8 26.Ndf3 Nc5 27.Bxc8 Rxc8 28.d4 Qe6 29.Qh5 g6
30.Nxg6+ Nxg6 31.dxe5 fxe5 32.Ng5 Qe7 33.f4 Kg8 34.f5 Rc6 35.h4 Qf7 36.e4  1-0

[Event "Copa Itau Mercosul"]
[Site "Sao Paulo"]
[Date "1997.10.26"]
[Round "9"]
[White "Giardelli, Sergio C"]
[Black "Da Costa, Renan Levy"]
[Result "1-0"]
[WhiteElo "2430"]
[BlackElo "2315"]

1.c4 e6 2.Nf3 d5 3.b3 Nf6 4.g3 c5 5.Bg2 Nc6 6.cxd5 exd5 7.O-O d4 8.e3 Be7
9.Bb2 O-O 10.exd4 cxd4 11.Na3 Bf5 12.Re1 Be4 13.d3 Bd5 14.Nc2 Bc5 15.Qd2 a5
16.Qf4 Nh5 17.Qg4 g6 18.Ne5 Bxg2 19.Kxg2 Qd5+ 20.Qf3 Rfd8 21.Nxc6 bxc6 22.Rac1 Rab8
23.Re2 a4 24.Qxd5 Rxd5 25.b4 Ng7 26.a3 Bb6 27.Ne1 c5 28.Rc4 Ra8 29.Nf3 Ne6
30.Rec2 f6 31.Nd2 f5 32.Nf3 Kf7 33.bxc5 Bxc5 34.Ng5+ Nxg5 35.Rxc5 Rxc5 36.Rxc5 Ne6
37.Rc4 Rb8 38.Bxd4 Nxd4 39.Rxd4 Rb3 40.Rxa4 Rxd3 41.Ra7+ Kf6 42.h4 h6 43.Kf1 g5
44.Ra6+ Kg7 45.h5 f4 46.gxf4 gxf4 47.Ke2 Rb3 48.a4 Ra3 49.a5 Kh7 50.Ra7+ Kg8
51.a6 Kh8 52.f3 Kg8 53.Kd2 Kf8 54.Kc2 Kg8 55.Kb2 Ra5 56.Kc3 Kf8 57.Kb4 Ra1
58.Kb5 Kg8 59.Rc7 Rb1+ 60.Kc6  1-0

[Event "SG Turm Trier"]
[Site "Trier"]
[Date "1997.10.31"]
[Round "5"]
[White "Koch, Hans Juergen"]
[Black "Zolnierowicz, Krzysztof"]
[Result "0-1"]
[WhiteElo "2180"]
[BlackElo "2385"]

1.c4 e6 2.Nf3 d5 3.b3 Nf6 4.Bb2 Be7 5.g3 O-O 6.Bg2 c5 7.cxd5 exd5 8.d4 Nc6
9.O-O Re8 10.Nc3 Bg4 11.dxc5 Bxc5 12.h3 Bh5 13.Rc1 Bf8 14.g4 Bg6 15.e3 Ne4
16.Ne2 f6 17.Nf4 Bf7 18.Qd3 Qa5 19.a3 Rad8 20.b4 Qb6 21.Bd4 Nxd4 22.Nxd4 a5
23.bxa5 Qxa5 24.Rb1 Rd7 25.Rfc1 Qxa3 26.Qb5 Qe7 27.Rc2 g6 28.Bf1 Bh6 29.Ng2 Nd6
30.Qa4 Nc4 31.Rbc1 Rd6 32.Nb5 Ra6 33.Qb3 Rea8 34.Rxc4 dxc4 35.Bxc4 Ra1 36.Rxa1 Rxa1+
37.Kh2 Bf8 38.Nf4 Bxc4 39.Qxc4+ Qf7 40.Qc3 Qa2 41.Kg3 Qb1 42.Qxf6 Ra6 43.Qe5 Qg1+
44.Ng2 Qd1 45.f4 Qd7 46.Nc7 Bg7 47.Qc5 Rc6 48.Qd5+ Qxd5 49.Nxd5 Bf8 50.e4 b5
51.e5 b4 52.f5 b3 53.e6 Bd6+ 54.Kh4 b2 55.e7 Kf7 56.Kg5 Bxe7+  0-1

[Event "Bayern-chI Bank Hofmann"]
[Site "Bad Wiessee"]
[Date "1997.11.20"]
[Round "6"]
[White "Stoeber, Michael"]
[Black "Enigl, Karl"]
[Result "1/2-1/2"]
[WhiteElo "2290"]
[BlackElo "2200"]

1.c4 e6 2.Nf3 d5 3.g3 Nf6 4.Bg2 Be7 5.O-O O-O 6.b3 c5 7.d3 Nc6 8.e3 b6 9.Bb2 Bb7
10.Qe2 Qc7 11.Nbd2 Rad8 12.Ne1 dxc4 13.bxc4 Nd7 14.Ne4 f5 15.Nc3 Bf6 16.f4 g6
17.Nf3 Qb8 18.g4 Rfe8 19.Rad1 Ne7 20.Ng5 Bxg2 21.Qxg2 Bxg5 22.fxg5 Ne5 23.gxf5 exf5
24.Nd5 Nxd5 25.cxd5 Ng4 26.e4 Ne3 27.Qd2 Nxd1 28.Rxd1 fxe4 29.Qc3 Qe5 30.Qxe5 Rxe5
31.Bxe5 Rxd5 32.d4 cxd4 33.Bxd4 Rxg5+ 34.Kf2 Ra5 35.Rd2 Ra3 36.Be3 h5 37.Re2 Kf7
38.Bc1 Ra4 39.a3 Ke6 40.Ke3 g5 41.Rf2 h4 42.h3 Rc4 43.Bb2 b5 44.Rf6+ Kd5
45.Rf5+ Kc6 46.Rxg5 Rc2 47.Be5 Ra2 48.Rg6+ Kd5 49.Bd6 Ra1 50.Be7 Rh1 51.Bxh4 Rxh3+
52.Bg3 a5  1/2-1/2

[Event "AUT-chT2W 9798"]
[Site "Austria"]
[Date "1997.??.??"]
[Round "7"]
[White "Hanel, Reinhard"]
[Black "Bachmayr, Peter"]
[Result "1-0"]
[WhiteElo "2330"]
[BlackElo "2360"]

1.c4 e6 2.Nf3 d5 3.d4 c6 4.e3 f5 5.Ne5 Nf6 6.Nd2 Nbd7 7.f4 Be7 8.Be2 O-O
9.O-O Ne4 10.Nxe4 Nxe5 11.fxe5 dxe4 12.b3 b6 13.a4 Bb7 14.c5 bxc5 15.Bc4 Bc8
16.Ba3 cxd4 17.Bxe7 Qxe7 18.Qxd4 c5 19.Qc3 Rb8 20.Rad1 g6 21.Rd2 Rb7 22.Rfd1 Rb6
23.a5 Rb7 24.Rd6 Rd7 25.Bb5 Rc7 26.R1d2 Qg5 27.g3 h5 28.Bc4 Qe7 29.a6 Kg7
30.Qa5 Kh6 31.Bxe6 Bxe6 32.Rxe6 Qxe6 33.Qxc7 Qxa6 34.Qe7 Rb8 35.h4 Rxb3  1-0

[Event "AUT-chT2O 9697"]
[Site "Austria"]
[Date "1997.??.??"]
[Round "8"]
[White "Rotstein, Arkadij"]
[Black "Krizsany, Laszlo"]
[Result "1/2-1/2"]
[WhiteElo "2445"]
[BlackElo "2430"]

1.c4 e6 2.Nf3 d5 3.g3 Nf6 4.Bg2 Be7 5.O-O O-O 6.b3 b6 7.Bb2 Bb7 8.e3 c5 9.Qe2 Nc6
10.Rd1 Qc7 11.Nc3 Rad8 12.Rac1 Qb8 13.cxd5 Nxd5 14.Nxd5 Rxd5 15.d4 cxd4 16.Nxd4 Nxd4
17.Bxd4 Rd6 18.Qg4 f6 19.Bxb7 Qxb7 20.Bb2 Rxd1+ 21.Rxd1 Qc6 22.Rc1 Qd7 23.h4 Rd8
24.h5 Kf7 25.Qe4 Qd2 26.Qb1 Bc5  1/2-1/2

[Event "AZE-ch"]
[Site "Baku"]
[Date "1997.??.??"]
[Round "?"]
[White "Allahverdiev, Anar"]
[Black "Bagirov, Rufat"]
[Result "1-0"]
[WhiteElo "2380"]
[BlackElo "2320"]

1.c4 e6 2.Nf3 d5 3.g3 Nf6 4.Bg2 Be7 5.O-O O-O 6.b3 c5 7.e3 Nc6 8.Bb2 b6 9.Nc3 Ba6
10.d3 Rc8 11.Qe2 Qc7 12.Rfd1 Rcd8 13.Rac1 Rfe8 14.Ba1 Bf8 15.Qb2 e5 16.cxd5 Nxd5
17.Nxd5 Rxd5 18.Nd4 Rxd4 19.exd4 Nxd4 20.Qa3 Bb5 21.Bxd4 exd4 22.Qb2 Qe5
23.Qd2 Qf5 24.h4 a5 25.Kh2 Bd6 26.Kg1 Re6 27.a4 Ba6 28.Re1 Bxd3 29.g4 Qxg4
30.Rxe6 fxe6 31.Qxd3 Qxh4 32.Qh3 Qxh3 33.Bxh3 Kf7 34.Kg2 Bf4 35.Rd1 e5 36.Kf3 h5
37.Ke4 Kf6 38.Bf1 g5 39.Be2 g4 40.Rg1 Kg5 41.Kd5 Bh2 42.Rh1 Bf4 43.Ke4 Kg6
44.Bb5 Kg5 45.Bd7 h4 46.Rg1 g3 47.fxg3 hxg3 48.Bh3  1-0

[Event "Regionalliga NW9798"]
[Site "Bayern"]
[Date "1997.??.??"]
[Round "?"]
[White "Jacob, Karl Heinz"]
[Black "Horther, Heinrich"]
[Result "0-1"]
[WhiteElo "1765"]
[BlackElo "2160"]

1.Nf3 e6 2.c4 d5 3.b3 Nf6 4.Bb2 Be7 5.g3 O-O 6.Bg2 c5 7.O-O Nc6 8.d3 Qc7
9.Nbd2 Rd8 10.a3 d4 11.Ne1 b6 12.Ne4 Nxe4 13.Bxe4 Bb7 14.Bc1 f5 15.Bg2 Bf6
16.Ra2 Ne7 17.b4 Bxg2 18.Nxg2 e5 19.Bd2 Re8 20.Qa4 Ng6 21.bxc5 Qxc5 22.e3 e4
23.exd4 Bxd4 24.dxe4 fxe4 25.Be3 Ne5 26.Bxd4 Qxd4 27.Ne3 Rf8 28.Rd1 Nd3 29.Qc6 Rad8
30.Qe6+ Kh8 31.Nf5 Qc5 32.Ne3 Rde8 33.Qd5 Qc8 34.Re2 Qh3 35.Qg5 Ne5 36.Ng4 Nf3+
37.Kh1  0-1

[Event "Regionalliga SO9697"]
[Site "Bayern"]
[Date "1997.??.??"]
[Round "?"]
[White "Cuadrado, Guillermo"]
[Black "Binder, Karl Heinz"]
[Result "1/2-1/2"]
[WhiteElo "2155"]
[BlackElo "2100"]

1.c4 e6 2.Nf3 d5 3.g3 Nf6 4.Bg2 Be7 5.O-O O-O 6.b3 b6 7.Bb2 Bb7 8.d3 c5 9.Nbd2 Nc6
10.e3 Qd7 11.Qe2 Rfd8 12.Rfd1 Rac8 13.a3 Rc7 14.Ne5 Nxe5 15.Bxe5 Rcc8 16.Nf3 Ne8
17.Qb2 Bf6 18.Rac1 Bxe5 19.Nxe5 Qe7 20.cxd5 Bxd5 21.Bxd5 exd5 22.d4 f6 23.Nf3 c4
24.bxc4 dxc4 25.Nd2 Nd6 26.a4 Rc7 27.Rc3 Rdc8 28.Rdc1 f5 29.Qb4 Qe6 30.Nb1 Ne4
31.R3c2 Qd5 32.h4 g5 33.hxg5 Nxg5 34.Na3 Nf3+ 35.Kf1 Nh2+ 36.Ke1 Qh1+ 37.Kd2 c3+
38.Rxc3 Nf3+ 39.Ke2 Ng1+ 40.Kd2 Nf3+ 41.Ke2  1/2-1/2

[Event "Landesliga Sued9798"]
[Site "Bayern"]
[Date "1997.??.??"]
[Round "?"]
[White "Riedel, Lutz"]
[Black "Stocker, Rupert"]
[Result "1/2-1/2"]
[WhiteElo "1975"]
[BlackElo "2140"]

1.c4 e6 2.Nf3 d5 3.d4 c5 4.Nc3 Nf6 5.Bg5 cxd4 6.Bxf6 gxf6 7.Nxd4 e5 8.Ndb5 d4
9.Nd5 Na6 10.e3 dxe3 11.fxe3 Bg7 12.Bd3 f5 13.Bc2 O-O 14.O-O Qg5 15.Bxf5 Nc5
16.Rf3 Kh8 17.Bxc8 Raxc8 18.Nd6 e4 19.Rg3 Qe5 20.Nxc8 Rxc8 21.Rb1 Nd3 22.b3 b5
23.Qg4 f5 24.Qg5 h6 25.Qg6 bxc4 26.bxc4 Nb2 27.Nf4 Re8 28.Qxh6+ Bxh6 29.Ng6+ Kh7
30.Nxe5 Rxe5 31.Rxb2 Re7 32.Rb5 f4 33.exf4 e3 34.Re5 Rd7 35.Rexe3 Bxf4 36.Rh3+ Kg7
37.Re2 Bd6 38.Rf3 Bc5+  1/2-1/2

[Event "BEL-chT9697"]
[Site "BEL"]
[Date "1997.??.??"]
[Round "2"]
[White "Troost, Jan"]
[Black "Becker, Dieter"]
[Result "1/2-1/2"]
[WhiteElo "2135"]
[BlackElo "2070"]

1.c4 e6 2.Nf3 d5 3.e3 Nf6 4.b3 c5 5.Bb2 Nc6 6.d3 Bd6 7.Nbd2 O-O 8.Be2 b6
9.O-O Bb7 10.cxd5 Nxd5 11.Nc4 Be7 12.d4 cxd4 13.Nxd4 Nxd4 14.Qxd4 Bf6 15.Ne5 Ne7
16.Rfd1 Qxd4 17.Bxd4  1/2-1/2

[Event "BEL-chT9697"]
[Site "BEL"]
[Date "1997.??.??"]
[Round "3"]
[White "Van Hoolandt, Patrick"]
[Black "Schumacher, Helmut"]
[Result "0-1"]
[WhiteElo "2105"]
[BlackElo "2175"]

1.c4 e6 2.Nf3 d5 3.b3 Nf6 4.g3 b6 5.Bg2 Bb7 6.Bb2 Be7 7.O-O O-O 8.e3 c5 9.Qe2 dxc4
10.bxc4 Nc6 11.d3 Rc8 12.Nc3 Rc7 13.Rfd1 Rd7 14.Ng5 Qa8 15.f4 Rfd8 16.Nce4 Nxe4
17.Bxe4 Bxg5 18.fxg5 Ne7 19.Bxb7 Qxb7 20.Rab1 Qc7 21.Ba1 e5 22.Rb3 Nc6 23.Qf3 Qd6
24.Qe4 Qg6 25.Qxg6 hxg6 26.e4 f6 27.gxf6 gxf6 28.Kf2 Kf7 29.Ke3 Ke6 30.Rf1 Nb4
31.Rd1 Nxa2 32.Bc3 Nc1 33.Ra3 Rxd3+ 34.Rxd3 Rxd3+ 35.Kf2 Rd7 36.Ke1  0-1

[Event "Berliner Sommer"]
[Site "Berlin"]
[Date "1997.??.??"]
[Round "7"]
[White "Jirovsky, Milos"]
[Black "Trabert, Bettina"]
[Result "1/2-1/2"]
[WhiteElo "2480"]
[BlackElo "2220"]

1.c4 e6 2.Nf3 d5 3.d4 c6 4.Nc3 dxc4 5.a4 Bb4 6.e3 b5 7.Bd2 a5 8.axb5 Bxc3
9.Bxc3 cxb5 10.b3 Bb7 11.bxc4 b4 12.Bb2 Nf6 13.Bd3 Nbd7 14.O-O O-O 15.Re1 Qc7
16.c5 h6 17.e4 Bc6 18.Bc2 Rfb8 19.Nd2 Qb7 20.Re3 Ra7 21.f4 Qa8 22.Ba4 Bxe4
23.Nxe4 Nxe4 24.f5 exf5 25.Qf3 Ndf6 26.Qxf5 Rd8 27.c6 Nd6 28.Qc2 Rc7 29.Rf1 Nd5
30.Rg3 Ne8 31.Qf5 Qc8 32.Qc2  1/2-1/2

[Event "Berliner Sommer"]
[Site "Berlin"]
[Date "1997.??.??"]
[Round "7"]
[White "Berebora, Ferenc"]
[Black "Jaeckle, Marco"]
[Result "1-0"]
[WhiteElo "2390"]
[BlackElo "2250"]

1.c4 e6 2.Nf3 d5 3.g3 Nf6 4.Bg2 dxc4 5.Qa4+ Nbd7 6.Qxc4 a6 7.Qc2 c5 8.Nc3 Bd6
9.O-O O-O 10.d4 h6 11.Rd1 Qe7 12.a4 Rb8 13.a5 b5 14.axb6 Rxb6 15.Na4 Rb5
16.e4 e5 17.d5 Ne8 18.Nd2 Bc7 19.b3 Nd6 20.Ba3 f5 21.Nxc5 Nxc5 22.Bxc5 Qf6
23.b4 fxe4 24.Nxe4 Nxe4 25.Bxf8 Bb6 26.Bxe4 Qxf8 27.d6 Bd4 28.Qc4+ Kh8 29.Rxd4 exd4
30.Qxd4 Qe8 31.Rd1 Bd7 32.h4 Re5 33.Bf3 a5 34.bxa5 Rxa5 35.Bg2 Re5 36.Kh2 Kh7
37.Ra1 Re2 38.Qd3+ g6 39.Qd4 g5 40.Ra8 Qe6 41.Qh8+ Kg6 42.Rg8+  1-0

[Event "Biel op MTO"]
[Site "Biel"]
[Date "1997.??.??"]
[Round "4"]
[White "Maeser, Fabian"]
[Black "Barthel, Ansgar"]
[Result "0-1"]
[WhiteElo "2315"]
[BlackElo "2215"]

1.c4 e6 2.Nf3 d5 3.b3 c5 4.g3 Nc6 5.Bg2 Nf6 6.O-O Be7 7.e3 O-O 8.Bb2 d4 9.exd4 cxd4
10.Re1 Re8 11.a3 a5 12.d3 Bf8 13.Ne5 Nxe5 14.Rxe5 Rb8 15.b4 axb4 16.axb4 Bxb4
17.Qb3 Bf8 18.Rb5 e5 19.Nd2 b6 20.Re1 Nd7 21.Ne4 Ba6 22.Rd5 Bb7 23.Rb5 Bc6
24.f4 Bxb5 25.Qxb5 Nc5 26.Ng5 exf4 27.Rxe8 Qxe8 28.Qxe8 Rxe8 29.Bd5 Re1+
30.Kf2 Nxd3+ 31.Kf3 Re3+ 32.Kg4 Nxb2  0-1

[Event "Biel op MTO"]
[Site "Biel"]
[Date "1997.??.??"]
[Round "11"]
[White "Reschke, Stefan"]
[Black "Zayac, Elena"]
[Result "1/2-1/2"]
[WhiteElo "2415"]
[BlackElo "2240"]

1.c4 e6 2.Nf3 d5 3.b3 Be7 4.Bb2 Bf6 5.Qc2 dxc4 6.bxc4 c5 7.g3 b6 8.Bg2 Bb7
9.O-O Nc6 10.d3 Nh6 11.Nbd2 O-O 12.Ne4 Bxb2 13.Qxb2 Qe7 14.Ne5 Na5 15.Nd2 Bxg2
16.Kxg2 Nf5 17.Nef3 Rad8 18.Qb5 Qc7 19.Qb2 Nc6 20.Ne4 Rd7 21.Nc3 Rfd8 22.Kg1 f6
23.Rab1 Qc8 24.Qc1 Rf7 25.Rb2 Rfd7 26.Qf4 Qc7 27.Qe4 Re7 28.Nb5 Qd7 29.Qg4 Nh6
30.Qh5 Nf5 31.Rfb1 Nh6 32.Nc3 Nf5 33.Ne4 Rf8 34.a4 g6 35.Qh3 Nfd4 36.Nxd4 Qxd4
37.Nd2 Qd7 38.Ra1 f5 39.Qg2 Rd8 40.Nf1 Qc7 41.Ne3  1/2-1/2

[Event "Bled op18th"]
[Site "Bled"]
[Date "1997.??.??"]
[Round "5"]
[White "Rotstein, Arkadij"]
[Black "Sveshnikov, Evgeny"]
[Result "1/2-1/2"]
[WhiteElo "2455"]
[BlackElo "2560"]

1.c4 e6 2.Nf3 d5 3.b3 Nf6 4.Bb2 Bd6 5.g3 O-O 6.Bg2 b6 7.O-O Bb7 8.Nc3 a6
9.Rc1 Nbd7 10.cxd5 exd5 11.Nd4 Re8 12.e3 c5 13.Nde2 b5 14.Nf4 Nb6 15.a4 Bc6
16.a5 Bxf4 17.exf4 Nbd7 18.b4 Rc8 19.Ne2 Bb7 20.bxc5 Nxc5 21.Nd4 Nd3 22.Rxc8 Bxc8
23.Ba1 Qxa5 24.Qb1 Qxd2 25.Nb3 Qe2 26.Nd4 Qd2 27.Nb3 Qe2 28.Nd4 Qd2  1/2-1/2

[Event "Bled op18th"]
[Site "Bled"]
[Date "1997.??.??"]
[Round "7"]
[White "Gheng, Josef"]
[Black "Sveshnikov, Evgeny"]
[Result "1/2-1/2"]
[WhiteElo "2295"]
[BlackElo "2560"]

1.c4 e6 2.Nf3 d5 3.g3 dxc4 4.Qa4+ Nd7 5.Qxc4 a6 6.Bg2 b5 7.Qc2 Bb7 8.O-O Ngf6
9.b3 Be7 10.Bb2 O-O 11.d3 c5 12.Nbd2 Rc8 13.Rac1 Qc7 14.a3 Qb8 15.Qb1 Rfd8
16.Qa1 Qa8 17.Rfd1 Nb6 18.a4 Nbd5 19.Ba3 Nd7 20.Ne4 N5f6 21.Ned2 Bc6 22.Bb2 Qb7
23.Bc3 Rb8 24.Bh3 Bd5 25.Bf1 Bf8 26.e4 Bc6 27.Ne5 Rbc8 28.Nxc6 Rxc6 29.Bg2 Be7
30.Nf1 Rcc8 31.Ne3 Ne8 32.h4 h6 33.f4 Nb8 34.f5 Qc7 35.fxe6 fxe6 36.Nf1 Nc6
37.Bh3 Qd6 38.e5 Qd7 39.Qa2 Nc7 40.Qe2 Nd4 41.Bxd4 Qxd4+ 42.Qe3 Rd5 43.axb5 axb5
44.Qxd4 Rxd4 45.Ne3 Rcd8 46.Bf1 g5 47.h5 g4 48.Nc2 R4d5 49.Re1 Bg5 50.Ra1 Rf8
51.Ra7 Ne8 52.Be2 Ng7 53.Rb7 b4 54.Ra1 Rxe5 55.Bxg4 Bf6 56.Re1 Rxe1+ 57.Nxe1 Bd4+
58.Kg2 Rf2+ 59.Kh3 Rb2 60.Ng2 Nf5 61.Nh4 Rf2  1/2-1/2

[Event "Doprastav op"]
[Site "Bratislava"]
[Date "1997.??.??"]
[Round "9"]
[White "Janov, D."]
[Black "Slovik, Vojtech"]
[Result "1-0"]
[WhiteElo "1905"]
[BlackElo "1920"]

1.Nf3 e6 2.c4 d5 3.g3 Nf6 4.cxd5 exd5 5.Bg2 Bd6 6.O-O O-O 7.d4 c6 8.Nc3 Bf5
9.Nh4 Bg4 10.f3 Bh5 11.Qb3 Bc7 12.Qxb7 Bb6 13.Nf5 Bg6 14.Ne7+ Kh8 15.Nxc6 Nxc6
16.Qxc6 Bxd4+ 17.e3 Rc8 18.Qa4 Bxc3 19.bxc3 Qb6 20.Bd2 Qb2 21.Qd1 Rc4 22.Qc1 Rb8
23.Rf2 Qb6 24.Bf1 Rc6 25.a4 Qc7 26.Qa3 Rcb6 27.a5 Rb3 28.Qa4 Bc2 29.Qd4 Rb1
30.Rxb1 Rxb1 31.a6 Bb3 32.Kg2 Ra1 33.e4 Ra4 34.Bf4 Qe7 35.Qe5 Qxe5 36.Bxe5 dxe4
37.Bxf6 exf3+ 38.Rxf3 Bd5 39.Bd4 Ra2+ 40.Bf2 Bxf3+ 41.Kxf3  1-0

[Event "Budapest FS06 GM"]
[Site "Budapest"]
[Date "1997.??.??"]
[Round "7"]
[White "Kolbus, Dietmar"]
[Black "Waitzkin, Joshua"]
[Result "0-1"]
[WhiteElo "2330"]
[BlackElo "2440"]

1.c4 e6 2.Nf3 d5 3.d4 dxc4 4.e3 Nf6 5.Bxc4 a6 6.a4 c5 7.O-O Nc6 8.Qe2 Qc7
9.Nc3 Bd6 10.Rd1 O-O 11.h3 b6 12.d5 exd5 13.Nxd5 Nxd5 14.Bxd5 Bb7 15.Be4 Rad8
16.Bd2 Qe7 17.Bc2 Ne5 18.Nh2 Ng6 19.Bxg6 hxg6 20.Bc3 Rd7 21.Nf1 Rfd8 22.f3 Qe6
23.Rd2 Bd5 24.Rxd5 Qxd5 25.Qxa6 Bc7 26.Qb5 Qe6 27.Re1 Rd1 28.Kf2 Rxe1 29.Kxe1 Qd6
30.Qe2 Qd5 31.Qc2 Qc4 32.Kf2 Be5 33.Nd2 Qh4+ 34.Kf1 Bxc3 35.bxc3 Ra8 36.e4 Qf6
37.Nc4 Qe6 38.Qb3 f5 39.e5 Rd8 40.Ke2 Qd5 41.Kf2 Rd7 42.Ke2 Kh7 43.Kf2 f4
44.Ke2 Qd3+ 45.Kf2 Rd4 46.e6 Rxc4 47.e7 Rxc3 48.Qxc3 Qxc3 49.e8=Q Qd4+ 50.Ke2 Qg1
51.Qe4 Qxg2+ 52.Kd3 Qxh3 53.Qc6 Qf1+ 54.Kc3 Qc1+ 55.Kb3 Qb1+ 56.Kc3 g5 57.Kd2 Qb2+
58.Ke1 Qf6 59.Qe4+ Qg6 60.Qc4 Qe8+ 61.Kf1 Qe3 62.Qd5 c4 63.Qxc4 Qxf3+ 64.Ke1 Qe3+
65.Kf1 Qh3+ 66.Ke1 Qf5 67.Kf2 g4 68.Kg2 Kh6 69.Qc6+ Qf6 70.Qc1 Kh5 71.Qc2 f3+
72.Kf2 g3+ 73.Kxg3 Qg6+ 74.Qxg6+ Kxg6 75.Kxf3 Kf5 76.Kg3 Ke4 77.Kg4 Kd4 78.Kf5 Kc4
79.Kg6 Kb4 80.Kxg7 Kxa4  0-1

[Event "Goodricke op"]
[Site "Calcutta"]
[Date "1997.??.??"]
[Round "4"]
[White "Marin, Mihail"]
[Black "Zvjaginsev, Vadim"]
[Result "1/2-1/2"]
[WhiteElo "2545"]
[BlackElo "2610"]

1.Nf3 e6 2.c4 d5 3.g3 d4 4.Bg2 g6 5.b4 Bg7 6.d3 Ne7 7.O-O O-O 8.Nbd2 a6 9.a4 b6
10.Ba3 Bb7 11.Nb3 e5 12.b5 Re8 13.Qc2 Nd7 14.Rfc1 Nf5 15.c5 Bd5 16.c6 Nf6
17.bxa6 Rxa6 18.a5 bxa5 19.Nfd2 Bh6 20.Bxd5 Qxd5 21.Ne4 Kg7 22.Qc4 Qxc4 23.Rxc4 Nxe4
24.dxe4 Ne7 25.Bxe7 Rxe7 26.Nxa5 f5 27.exf5 gxf5 28.Raa4 Re6 29.Kg2 Kf6 30.h3 Rd6
31.f4 exf4 32.gxf4 Bxf4 33.Rxd4 Rxd4 34.Rxd4 Be5 35.Rd5 Ke6 36.Rb5 Rb6 37.Rxb6 cxb6
38.Nc4 Bc7 39.Kf3 Kd5 40.Ne3+ Kxc6 41.Nxf5 Kd5 42.e4+ Ke5 43.Ne7 b5 44.Nc6+ Kf6
45.Ke3 Kg5  1/2-1/2

[Event "Cappelle op"]
[Site "Cappelle la Grande"]
[Date "1997.??.??"]
[Round "1"]
[White "McNab, Colin Anderson"]
[Black "Mancini, Mario"]
[Result "1-0"]
[WhiteElo "2455"]
[BlackElo "2260"]

1.c4 e6 2.Nf3 d5 3.b3 Nf6 4.g3 b6 5.Bg2 Bb7 6.O-O Be7 7.Bb2 O-O 8.d3 c5 9.e3 Nc6
10.Qe2 Qc7 11.Nc3 Rad8 12.Rfd1 dxc4 13.bxc4 Rd7 14.Ne1 Nb4 15.a3 Bxg2 16.Nxg2 Nc6
17.f4 Rfd8 18.g4 a6 19.Rab1 Rb8 20.Ba1 Qc8 21.g5 Ne8 22.Ne4 Bf8 23.Nh4 Ne7
24.Ng3 Ng6 25.Nf3 b5 26.cxb5 Rxb5 27.h4 Rxb1 28.Rxb1 Rb7 29.Rc1 Qb8 30.h5 Rb1
31.Qd1 Rxc1 32.Qxc1 Ne7 33.Ne5 Qb3 34.Ne4 Nf5 35.Nd2 Qb5 36.Nec4 Ned6 37.Kf2 Nxc4
38.Qxc4 Qa5 39.Qc3 Qa4 40.Qc1 Nd6 41.Bb2 Nb5 42.h6 gxh6 43.gxh6 f5 44.Nf3 Qb3
45.Qg1+ Kf7 46.Ne5+ Ke8 47.Qh1 Qd5 48.Qh5+ Kd8 49.Qf7 Be7 50.Qg8+ Kc7 51.Qxh7 Kd6
52.Nc4+  1-0

[Event "Celle Ligure op"]
[Site "Celle Ligure"]
[Date "1997.??.??"]
[Round "2"]
[White "Cordara, Michele"]
[Black "Lanzani, Mario"]
[Result "0-1"]
[WhiteElo "2195"]
[BlackElo "2370"]

1.c4 e6 2.Nf3 d5 3.b3 c5 4.e3 Nc6 5.Be2 d4 6.exd4 cxd4 7.d3 e5 8.O-O Be7
9.b4 Bxb4 10.Qa4 Qa5 11.Qxa5 Bxa5 12.Ba3 Bf5 13.Nbd2 Nf6 14.Rab1 O-O-O 15.Rb5 a6
16.Rb3 e4 17.Nh4 exd3 18.Bf3 Bd7 19.Bxc6 Bxc6 20.Rxd3 Ne4 21.Nb3 Bc3 22.Nf5 g6
23.Ne7+ Kc7 24.f3 Nd6 25.Nxc6 Kxc6 26.Nxd4+ Bxd4+ 27.Rxd4 Nf5 28.Re4 Rd3
29.Bb2 Rhd8 30.Rfe1 Nd6 31.Re7 Nxc4 32.R1e2 Nxb2 33.Rxb2 Rd1+ 34.Kf2 R8d2+
35.Re2 Rxb2 36.Rxb2 b5 37.a4 bxa4 38.Ke2 Rd5 39.Ke3 a3 40.Rb3 Ra5 41.Rb1 a2
42.Ra1 Kc5  0-1

[Event "Chicago op"]
[Site "Chicago"]
[Date "1997.??.??"]
[Round "5"]
[White "Lindsay, Fred"]
[Black "Bhat, Vinay S"]
[Result "0-1"]
[WhiteElo "2315"]
[BlackElo "2235"]

1.c4 e6 2.Nf3 d5 3.g3 d4 4.Bg2 c5 5.O-O Nc6 6.a3 Nf6 7.e3 a5 8.exd4 cxd4
9.Re1 Be7 10.Ne5 Nxe5 11.Rxe5 Nd7 12.Re1 Nc5 13.d3 Qb6 14.Bf1 Bd7 15.Nd2 Bc6
16.b3 O-O 17.Rb1 Rfd8 18.Nf3 Na4 19.Bd2 Nc3 20.Bxc3 dxc3 21.Rc1 Bxa3  0-1

[Event "Cologne blind sim"]
[Site "Cologne"]
[Date "1997.??.??"]
[Round "?"]
[White "Huebner, Robert"]
[Black "Bayer, Ernst Wolfgang"]
[Result "1-0"]
[WhiteElo "2580"]
[BlackElo "2285"]

1.c4 e6 2.Nf3 d5 3.g3 Nf6 4.Bg2 Be7 5.O-O O-O 6.d4 dxc4 7.Qc2 a6 8.a4 Nc6
9.Qxc4 Nb4 10.Bg5 b5 11.Qc1 Bb7 12.Nc3 Rb8 13.axb5 axb5 14.Bxf6 gxf6 15.e4 c5
16.Rd1 Qb6 17.d5 Rbd8 18.Qh6 Rd6 19.e5 fxe5 20.Ng5 Bxg5 21.Qxg5+ Kh8 22.Qf6+ Kg8
23.Ne4 Rxd5 24.Qg5+ Kh8 25.Nf6  1-0

[Event "Union de Reyes"]
[Site "CUB"]
[Date "1997.??.??"]
[Round "?"]
[White "Perez, Rodney"]
[Black "Blanco Fernandez, Alvaro"]
[Result "0-1"]
[WhiteElo "2385"]
[BlackElo "2365"]

1.c4 e6 2.Nf3 d5 3.b3 Nf6 4.g3 Be7 5.Bg2 O-O 6.O-O a5 7.d3 c6 8.Nbd2 Nbd7
9.Bb2 a4 10.e4 b5 11.exd5 cxd5 12.cxd5 exd5 13.Nd4 Qb6 14.Nf5 Bc5 15.Rc1 Re8
16.b4 Bf8 17.Bd4 Qe6 18.Ne3 Bxb4 19.Nf3 h6 20.Rb1 Bf8 21.Rxb5 Ba6 22.Ra5 a3
23.Nh4 Bb7 24.Rxa8 Rxa8 25.Nhf5 g6 26.Nh4 Ba6 27.Nf3 Rb8 28.Re1 Bb4 29.Re2 Qd6
30.h4 Bc5 31.Rc2 Bxd4 32.Nxd4 Ne5 33.Bf1 Rb4 34.Nb3 d4 35.Nc4 Bxc4 36.dxc4 d3
37.c5 Qd5 38.Rc1 Nf3+ 39.Kg2 Nxh4+  0-1

[Event "CZE-chT1a 9697"]
[Site "CZE"]
[Date "1997.??.??"]
[Round "?"]
[White "Krnavek, Lubomir"]
[Black "Lamser, Jan"]
[Result "1-0"]
[WhiteElo "2305"]
[BlackElo "2275"]

1.c4 e6 2.Nf3 d5 3.d4 c5 4.cxd5 exd5 5.g3 Nc6 6.Bg2 Nf6 7.O-O Be7 8.Nc3 O-O
9.dxc5 Bxc5 10.Bg5 d4 11.Bxf6 Qxf6 12.Nd5 Qd8 13.Nd2 a6 14.Rc1 Ba7 15.Nf4 Rb8
16.Nd3 Re8 17.Nf3 Bf5 18.Qd2 Qd5 19.Nfe5 Be4 20.Bxe4 Qxe4 21.Nxc6 bxc6 22.Rc2 Rb5
23.Qf4 Qe7 24.Qf3 c5 25.Rfc1 h6 26.Kf1 Qe6 27.b3 Qh3+ 28.Kg1 Qe6 29.b4 cxb4
30.Nf4 Qe4 31.Rc8 Re5 32.Qb3 Qb7 33.R8c7  1-0

[Event "CZE-chT2 9697"]
[Site "CZE"]
[Date "1997.??.??"]
[Round "?"]
[White "Groh, Jiri"]
[Black "Schula, Michal"]
[Result "0-1"]
[WhiteElo "2125"]
[BlackElo "2260"]

1.c4 e6 2.Nf3 d5 3.d4 c6 4.cxd5 exd5 5.Nc3 Bd6 6.Bg5 f6 7.Bh4 Ne7 8.e3 O-O
9.Bd3 Bf5 10.O-O Bxd3 11.Qxd3 Ng6 12.e4 Na6 13.exd5 cxd5 14.Qb5 Nb4 15.Bg3 a6
16.Qa4 Ne7 17.Rae1 Nbc6 18.Re6 Bxg3 19.hxg3 Qd7 20.Rfe1 b5 21.Qa3 b4 22.Qa4 Rfd8
23.Nb1 Kf7 24.Qc2 g6 25.Nbd2 Qxe6 26.Rxe6 Kxe6 27.Nb3 Kf7 28.g4 h6 29.Nc5 Rd6
30.Qd2 Kg7 31.Qf4 Nc8 32.Qe3 N6e7 33.Nd2 Ra7 34.f4 a5 35.Nf3 Nb6 36.b3 Nc6
37.Qe8 Re7  0-1

[Event "CZE-chT 9697"]
[Site "CZE"]
[Date "1997.??.??"]
[Round "4"]
[White "Jirovsky, Milos"]
[Black "Netusil, Miroslav"]
[Result "1-0"]
[WhiteElo "2505"]
[BlackElo "2300"]

1.c4 e6 2.Nf3 d5 3.d4 c5 4.cxd5 exd5 5.Nc3 Nc6 6.Bg5 Be7 7.Bxe7 Ngxe7 8.e3 cxd4
9.Nxd4 O-O 10.Be2 Qb6 11.Qb3 Nxd4 12.Qxb6 Nc2+ 13.Kd1 axb6 14.Kxc2 Nc6 15.Rad1 Rd8
16.Bb5 Be6 17.a3 Na5 18.Rd4 Nc6 19.Rd2 d4 20.Bxc6 dxc3 21.Rxd8+ Rxd8 22.Bxb7 cxb2
23.Rb1 Rd7 24.Bf3 Ra7 25.Kxb2 g6 26.Rd1 b5 27.Rd8+ Kg7 28.Bd5 Bd7 29.Rb8 Ra5
30.Rb7 Be8 31.e4 Kf6 32.f4  1-0

[Event "CZE-chT 9697"]
[Site "CZE"]
[Date "1997.??.??"]
[Round "5"]
[White "Pribyl, Josef"]
[Black "Pcola, Pavel"]
[Result "1/2-1/2"]
[WhiteElo "2445"]
[BlackElo "2470"]

1.c4 e6 2.Nf3 d5 3.b3 Be7 4.Bb2 Nf6 5.g3 O-O 6.Bg2 b6 7.O-O Bb7 8.d3 Nbd7
9.Nc3 c5 10.e3 Qc7 11.Qe2 Rad8 12.Rfd1 Qb8 13.Rac1 dxc4 14.dxc4 Qa8 15.Ne1  1/2-1/2

[Event "CZE-chT 9697"]
[Site "CZE"]
[Date "1997.??.??"]
[Round "6"]
[White "Vokac, Marek"]
[Black "Kotek, Daniel"]
[Result "1-0"]
[WhiteElo "2485"]
[BlackElo "2305"]

1.c4 e6 2.Nf3 d5 3.b3 Nf6 4.Bb2 Nbd7 5.g3 Bd6 6.Bg2 O-O 7.O-O c6 8.d4 b6
9.Qc2 Bb7 10.Nc3 Qe7 11.Rad1 Rad8 12.e4 Nxe4 13.Nxe4 dxe4 14.Qxe4 Ba3 15.Ba1 Bb4
16.Qe2 Rfe8 17.Rd3 c5 18.Rfd1 Nb8 19.dxc5 Bxc5 20.Ne5 Bxg2 21.Kxg2 Rxd3 22.Qxd3 f6
23.Ng4 Nc6 24.Qf3 Qb7 25.h4 e5 26.h5 Nd8 27.Qxb7 Nxb7 28.h6 Rd8 29.Rxd8+ Nxd8
30.f4 exf4 31.hxg7 Ne6 32.Bxf6 Nxg7 33.gxf4 Ne6 34.Kf3 Kf7 35.Bc3 Nd4+ 36.Ke4 Ne2
37.Be1 Nc1 38.Ne5+ Ke8 39.b4 Bf8 40.a4 Na2 41.Nd3 Bg7 42.c5 Bc3 43.Bxc3 Nxc3+
44.Kd4 Nxa4 45.c6 b5 46.f5 Ke7 47.Ke5 Nb6 48.f6+ Kf7 49.Kf5 Nd5 50.Ne5+ Ke8
51.Ke6 Nc7+ 52.Kd6 Na8 53.c7 Nb6 54.Ke6  1-0